| 000 | 00953nam a2200265Ia 4500 | ||
|---|---|---|---|
| 003 | OSt | ||
| 005 | 20221005103725.0 | ||
| 006 | a|||||r|||| 00| 0 | ||
| 007 | ta | ||
| 008 | 221004b |||||||| |||| 00| 0 hin d | ||
| 020 |
_a8188716219 (hbk) _c250 |
||
| 024 | _a97020 | ||
| 037 |
_b568, 23/03/2009, Vani Prakashan _cTextual |
||
| 040 |
_aCRL _cCRL _bhin |
||
| 041 |
_2hin _ahin |
||
| 082 | _aY72:1, P5 | ||
| 100 |
_aदत्त, हरि नारायण, संपा. _9159407 |
||
| 245 | 0 | _aसंस्कार और प्रथाएॅं | |
| 246 | _aSanskār aur prathāeॅan | ||
| 260 |
_aदिल्ली _bआकृति प्रकाशन भारत _c2005 |
||
| 300 |
_a222पृ0 _ccm. |
||
| 490 | _aआदिवासी स्वर; 3 | ||
| 942 |
_hY72:1, P5 _cTEXL _2cc |
||
| 999 |
_c1010740 _d1010740 |
||